00376nam a22001337a 450000500170000001000130001702000150003003500130004508200140005810000250007224500860009726000360018330000230021920201028152743.0 aB-462326 a8175411961 aB-462326 a863.1 TAG aTagore, Rabindranath aImages of womens:bselected poemscby Rabindranath Tagore Translated by Jadu Saha aDelhibShipra Publicationc2004 a139p. b22cm x14cm